000 01471nam0a22003251 4500
001 rc\403231
005 20260405060225.0
010 _a5-265-00702-4
_920000
035 _a(NLR Aleph) 005651843
090 _a6780066
_c6780066
100 _a20030616d1989 |||y0rusy50 ca
101 0 _arus
102 _aRU
105 _aa |||||||||
200 1 _aРеплики в сборе
_eЛит. пародии
_fАлександр Иванов
210 _aМ.
_cСов. писатель
_d1989
215 _a159, [1] с.
_cил.
_d17
327 1 _aСодерж.: Циклы: Многодумье; Лирика с изюминкой; Как показать стихи; Тень Фортуны; Рок пророка; Дело - труба
464 0 _12001#$aМногодумье
_tМногодумье
464 0 _12001#$aЛирика с изюминкой
_tЛирика с изюминкой
464 0 _12001#$aКак показать стихи
_tКак показать стихи
464 0 _12001#$aТень Фортуны
_tТень Фортуны
464 0 _12001#$aРок пророка
_tРок пророка
464 0 _12001#$aДело - труба
_tДело - труба
700 1 _4070
_8rus
_7ca
_aИванов
_cпоэт-пародист
_bА. А.
_f1936-1996
_gАлександр Александрович
_3RU\NLR\auth\7719579
_92651
801 0 _aRU
_bNLR
_gpsbo
801 1 _aRU
_bELAR
_2rusmarc
852 _aNLR
_j89-2/838
942 _cBOOK
980 _aNB